000 00703nam a2200289Ia 4500
005 20260324122020.0
008 008 260324s9999 xx 000 0 eng d
020 _a9780203112359
037 _aEBOOK
040 _aCRL
040 _beng
040 _cCRL
041 _2eng
041 _aeng
084 _qCRL
100 _aJames Webster; Patricia Phalen; Lawrence Lichty
_91164778
245 0 _aRatings Analysis
245 0 _bAudience Measurement and Analytics
260 _bTaylor and Francis
260 _c2013
365 _a
365 _b265
856 _uhttp://www.taylorfrancis.com/books/9780203112359
942 _cEBOOK
999 _c1757215
_d1757215